00313nam a22001337a 4500003000400000008004100004020001800045082001800063100001700081245003000098250001700128260002600145300000800171OSt240112b |||||||| |||| 00| 0 eng d a9781718501966 a332.25968 NIP aNIKKEL,Bruce aPractical Linux Forensics a2nd printing bNo Starch Pressc2022 a368